000
00283nam a2200121Ia 4500
008
190216s9999||||xx |||||||||||||| ||und||
100
_a
Bhat B R
245
0
_a
Modern Probability Theory
260
_b
Wiley Eastern Ltd
_c
1981
300
_a
270p
650
_a
Mathematics
942
_c
BK
999
_c
30904
_d
30904